000 01410nab a22002417a 4500
999 _c5788
_d5788
003 OSt
005 20260106182044.0
008 190514b xxu||||| |||| 00| 0 spa d
040 _cPJ
100 _93614
_aRotonda, Adriana E.
245 1 3 _aLa violencia de género económica en la liquidación de la comunidad ganancial y el acceso a la justicia /
_cAdriana Rotonda.
300 _ap. 157-177
505 _aSumario: I. Introducción.— II. El acceso a la justicia en los procesos de liquidación de la comunidad.— III. La violencia económica de género en la comunidad de gananciales.— IV. Las normas sobre la violencia de género y el acceso a la justicia.— V. Las normas locales: el principio de gratuidad y su alcance.— VI. La tasa de justicia en las actuaciones judiciales.— VII. El acceso al proceso sin gastos.— VIII. Otra vía posible para la nivelación procesal económica.— IX. A modo de conclusiones.
505 _tSi te interesa el texto, comunicate a koha@justierradelfuego.gov.ar
650 0 _9967
_aDERECHO DE FAMILIA
650 0 _aDIVORCIO
_9977
650 0 _aVIOLENCIA DE GÉNERO
_93053
650 0 _aVIOLENCIA ECONÓMICA
_95360
650 0 _aREGIMEN PATRIMONIAL DEL MATRIMONIO
_9723
650 0 _aRÉGIMEN DE COMUNIDAD DE BIENES
_95328
773 0 _02844
_93222
_dBuenos Aires : AbeledoPerrot, 1989-
_tDerecho de familia. N° 115 - Julio 2024
_z18511201
942 _2udc
_cANA